The new age marketing (Record no. 190524)

MARC details
000 -LEADER
fixed length control field 00428nam a2200169Ia 4500
008 - FIXED-LENGTH DATA ELEMENTS--GENERAL INFORMATION
fixed length control field 231217s9999 xx 000 0 und d
020 ## - INTERNATIONAL STANDARD BOOK NUMBER
International Standard Book Number 8178810298
041 ## - LANGUAGE CODE
Language code of text/sound track or separate title English
082 ## - DEWEY DECIMAL CLASSIFICATION NUMBER
Classification number 658.8 RAJ;2 R1
100 ## - MAIN ENTRY--PERSONAL NAME
Personal name Rajashekar, N ed.
245 #4 - TITLE STATEMENT
Title The new age marketing
260 ## - PUBLICATION, DISTRIBUTION, ETC.
Date of publication, distribution, etc. 2004
Name of publisher, distributor, etc. ICFAI Press
Place of publication, distribution, etc. Hyderabad
300 ## - PHYSICAL DESCRIPTION
Extent vii, 205+A11
500 ## - GENERAL NOTE
General note Content page available
650 ## - SUBJECT ADDED ENTRY--TOPICAL TERM
Topical term or geographic name entry element age,marketing
942 ## - ADDED ENTRY ELEMENTS (KOHA)
Koha item type Books
Holdings
Date last seen Total checkouts Full call number Accession number Uniform resource identifier Cost, total (INR) price Price effective from Category Public note Lost status Damaged status Department Withdrawn status Home library Current library Shelving location Entry date Vendor Cost, normal purchase price Grants Billnumber Billdate Currency symbol Conversion rate Discount Old discount
26/01/2024   658.8 RAJ;2 R1 71478 digital/contents/51235.pdf 38.00 26/01/2024 Books 71478     F-Block Annex   Central Library Central Library F-Block Library Annex 02/12/2010 ICFAI Press 38.00 MBA 1993 29/01/2015 RS 1    
26/01/2024   658.8 RAJ;3 72735 digital/contents/51235.pdf 38.00 26/01/2024 Books 72735     Central Library   Central Library Central Library Central Library 09/02/2011 ICFAI Press 38.00 MBA 1993 09/10/2015 RS 1    
26/01/2024   658.8 RAJ;4 72736 digital/contents/51235.pdf 38.00 26/01/2024 Books 72736     Central Library   Central Library Central Library Central Library 09/02/2011 ICFAI Press 38.00 MBA 1993 09/10/2015 RS 1    

© For any Suggestions or Query, please contact the library staff @ librarian@pes.edu or Phone: +9180 2672 1983/ 2108.